1593 1350 1368 1654 1059 1043 1104 1169 1075 1971 1448 1929 1594 1151 1924 1890 1972 1684 1497 1469 1890 1392 1095 1077 1331 1305 1367 1297 1060 1889 1893 1501 1019 1205 1522 1071 1186 1405 1025 1452 1530 1136 1991 1857 1883 1035 1524 1641 1720 1058 1519 1653 1595 1988 1540 1977 1197 1966 1547 1238 1568 1205 1809 1635 1691 1771 1825 1917 1481 1039 1343 1089 1128 1728 1878 1105 1239 1538 1155 1577 1868 1056 1771 1111 1877 1271 1166 1760 1416 1971 1453 1740 1385 1741 1451 1387 1665 1010 1416 BCNSPRNW ULIB Ver.6.0+V

เปลี่ยนเป็นภาษาไทย

Change to English
 แสดงรายละเอียดบรรณานุกรม
  กลับหน้าหลัก

Brief Record : Get Marc (ISO 2709) : E-mail record : QR code < ปิดหน้าต่าง
LEADER : 00000nam 2200000uu 4500
001    13399120903
003     ULIB
008    121024s2552||||th 000 0 tha d
020    ^a9786117070204
050  4 ^aH62^bส786ว
100 0  ^aสุธีระ ประเสริฐสรรพ์
245 10 ^aวิจัยใน--จินตนาการ เล่ม5/^cสุธีระ ประเสริฐสรรพ์
246 30 ^aวิจัยใน...จินตนาการ 5
250    ^aพิมพ์ครั้งที่ 1
260    ^aกรุงเทพฯ :^bสำนักงานกองทุนสนับสนุนการวิจัย (สกว.),^c2552
300    ^a5 เล่ม :^bภาพประกอบ ;^c24 ซม.
650  7 ^aการวิจัย
650  7 ^aการศึกษา
650  7 ^aการเรียนรู้
710 2  ^aสำนักงานกองทุนสนับสนุนการวิจัย
740 0  ^aวิจัยใน...ความคิด : เล่มที่ 1
740 0  ^aหลักคิด...การวิจัย : เล่มที่ 2
740 0  ^aวิจัย...เรื่องใกล้ตัว : เล่มที่ 3
740 0  ^aเรียนรู้คู่วิจัย : เล่มที่ 4
740 0  ^aวิจัยใน...จินตนาการ : เล่มที่ 5
945    ^p70^l0^i16519
995    ^aทศพร
999    ^aทศพร เกษรทอง
รายการนี้ยังไม่มีแท็ก
คุณยังไม่ได้ล็อกอิน คุณสามารถมีกิจกรรมร่วมกับเว็บไซต์ได้ แต่ต้องล็อกอินก่อน ::
  ล็อกอิน

รายการสื่อสารสนเทศ

ลำดับที่ ประเภท เลขเรียก/บาร์โค้ด สถานที่ สถานะ
1. วิทยาศาสตร์การแพทย์ และสุขภาพ
วิทยาศาสตร์การแพทย์ และสุขภาพ
H62 ส786ว ฉ.1 
  Barcode: 16519
ห้องสมุดวิทยาเขตสวรรค์ประชารักษ์
►หนังสือทั่วไป
บนชั้น

รายการใกล้เคียง
    ผู้แต่ง [สุธีระ ประเสริฐสรรพ์]

    หัวเรื่อง [การวิจัย]
    หัวเรื่อง [การศึกษา]
    หัวเรื่อง [การเรียนรู้]

BibComment


ยังไม่เคยถูกคอมเมนท์

คอมเมนท์ทรัพยากรรายการนี้
  คอมเมนท์: วิจัยในจินตนาการ..


 Copyright 2026. Bcnsprnw @Library